000 00791nam0a22002291 4500
001 rc\277252
005 20030307120432.8
035 _a(NLR Aleph) 005501201
090 _a5308871
_c5308871
100 _a20030307d1990 u |0rusy50 ca
101 0 _arus
102 _aRU
105 _ay |||||||||
200 1 _aПерспективы научно-технического прогресса в области малоотходных технологий и международное сотрудничество
_fГос. ком. СССР по науке и технике
210 _aМ.
_cБ. и.
_d1990
215 _a[1], 4 с.
_d21
700 1 _aКопьев
_bС. Н.
801 0 _aRU
_bNLR
_gpsbo
801 1 _aRU
_bELAR
_2rusmarc
852 _aNLR
_j91-6/2272
942 _cBOOK
980 _aNB